MARC

LEADER 00000nam0a2200000 4500
001 133199
005 20231031135238.0
035 |a (RuTPU)RU\TPU\book\144328 
090 |a 133199 
100 |a 20080313d1976 m y0rusy50 ca 
101 0 |a rus 
102 |a RU 
105 |a a z 001zy 
200 1 |a Природа Сибири  |e географические проблемы  |f Н. И. Михайлов 
210 |a Москва  |c Мысль  |d 1976 
215 |a 160 с.  |c ил. 
320 |a Библиогр.: с. 154-157. 
610 1 |a природа 
610 1 |a Сибирь 
610 1 |a физическая география 
610 1 |a проблемы 
610 1 |a исследование 
610 1 |a климаты 
610 1 |a вечная мерзлота 
610 1 |a тайга 
610 1 |a Байкал 
675 |a 91(с18)  |v 3 
700 1 |a Михайлов  |b Н. И.  |g Николай Иванович 
801 1 |a RU  |b 63413507  |c 20080313  |g PSBO 
801 2 |a RU  |b 63413507  |c 20081203  |g PSBO 
942 |c BK